00598cam a22002051 4500001001300000003000400013005001700017008004100034010001700075035002000092040003700112042001200149050001900161100003300180245005000213260003100263300003500294600004800329999001500377af 47006946 DLC20260227110839.0890327s1944 gw j 000 1 ger c aaf 47006946  a(OCoLC)19464343 aCalifornia. Univ. Libr.cCUdDLC apremarc00aPT2609.N76bC51 aEnking, Ottomar,d1867-1937.00aClaus Jesup,bein Roman aus der alten Wismar. aWismar,bHinstorffc[1944] a406 p.bgeneal. table.c20 cm.00aJesup Nicolaus,dactive 1399-1448vFiction. c3758d3758